Регионална библиотека "Любен Каравелов" - Русе

Благодаря за проявеното уважение към моя труд! Пожелавам успешен сезон на всички състезатели (Запис номер 525451)

MARC детайли
000 -Лидер
Лидер 01270aaa a2200277 a 4500
003 - Код на организацията, давaща контролен номер
Код на организацията, даваща контролен номер BLK
005 - Дата и час на последна редакция
Дата и час на последна редакция 20250122112044.0
007 - Фиксирано поле за физическо описани
Физическо описание ta
008 - Елементи от данни с фиксирана дължина
Елементи с фиксирана дължина 221104b bu |||||r|||| 00| | bu d
040 ## - Източник на каталожния запис
Код на библиотеката BLK
041 ## - Код за език
Език Български
Език за КДБФ Български
080 ## - УДК
УДК текст Спорт. Физическа култура
УДК код 796/799
УДК – код + определител 796/799(497.215)
100 ## - Редна дума - Автор
R(LIN) 367697
Автор Христов, Георги
245 ## - Сведения за заглавието
Заглавие Благодаря за проявеното уважение към моя труд! Пожелавам успешен сезон на всички състезатели
Авторска отговорност Георги Христов
300 ## - Физическа характеристика
Брой страници с. 8
520 ## - Забележка за наличие на резюме, анотация и т.н
Анотация, рецензия Боксьорът Радослав Росенов - Спортист на годината в Русе. Съдържа и: Историята на Радо - да изкупиш грешка и да получиш прошка от най-близките хора
653 ## - Ключова дума – ненормативна
9 (RLIN) 197146
Ключови думи спорт
653 ## - Ключова дума – ненормативна
9 (RLIN) 197151
Ключови думи спортисти
653 ## - Ключова дума – ненормативна
9 (RLIN) 182213
Ключови думи бокс
653 ## - Ключова дума – ненормативна
9 (RLIN) 188722
Ключови думи клубове
653 ## - Ключова дума – ненормативна
9 (RLIN) 188645
Ключови думи класации
773 0# - Описание на основна библиографска единица при аналитични записи (многотомни)
Заглавие на източника Утро, № 9, 15 ян. 2025
Контролен номер на записа 524478
Информация за връзката . //
856 ## - Електронен адрес и достъп
Инструкция (цена за достъп) 0.00
Права за достъп disable
942 ## - АРТИКУЛИ
Източник на класификационната схема Universal Decimal Classification
Вид на библиотечния документ Статия
Скрит в OPAC Не
944 ## - СЪЗДАВАНЕ И РЕДАКЦИЯ на ЗАПИСА
Дата на регистрацията/редакция Валя Йорданова
Служител, извършил регистрацията/редакцията 30558
Номер на служител Валя Йорданова
Създаване/Редакция
999 ## - СИСТЕМНИ КОНТРОЛНИ НОМЕРА
Koha biblionumber 525451
Koha biblioitemnumber 525451

Няма налични копия.

Vip Innovations Ltd, Rousse, Bulgaria 2025